Football in 2024 - Statistics

General Stats
  • This quiz has been taken 79 times
  • The average score is 14 of 20
Answer Stats
Hint Answer % Correct
UEFA Champions League winner Real Madrid
99%
Ballon d'or winner Rodri
94%
Who won Copa America Argentina
93%
Winner of Serie A Inter Milan
86%
Which team went invincible in their league season (23/24) Bayer Leverkusen
83%
Premier league manager who was sacked and replaced by Ruben Amorim Erik Ten Hag
80%
Manager of the team above Xabi Alonso
79%
Winner of the UEFA European Championship Spain
77%
Player who retired who's last club game was the Champions League Final Toni Kroos
76%
UEFA Europa League winner Atalanta
70%
Which manager left their club saying that he was "running out of energy" Jürgen Klopp
66%
Who won the Gerd Müller trophy Harry Kane/Kylian Mbappe
65%
Who won the Kopa trophy Lamine Yamal
61%
What is the maximum number of games a club can play in the new UCL format (excluding qualifiers) 17
56%
Who won the African Cup of Nations Ivory Coast
56%
Who scored the winning goal in the Euros final Mikel Oyarzabal
56%
Who won the AFC Asian Cup Qatar
56%
Winner of the Ballon d'or Féminin Aitana Bonmati
46%
UEFA Conference League winner Olympiacos
37%
Most expensive transfer of 2024 (Name the player) Julian Alvarez
24%
No matching quizzes found
Score Distribution
Percent of People with Each Score
Percentile by Number Answered
Your Score History
You have not taken this quiz